00573nam a2200133Ia 4500008004100000100003400041245013100075245008500206260005300291260000900344300001000353650001500363856006100378170221s9999 xx 000 0 und d aAbdullah Ahmed Nasser Ghasham 4aThe Impact of Global Market Environment on the Degree of Cooperation of International Strategic Alliances among Service Firms  cAbdullah Ahmed Nasser Ghasham, Nik Ab Halim Nik Abdullah, Noor Hasmini Abd Ghani bInternational Review of Management and Marketing c2016 a6 : 2 xMarketing. uhttp://www.econjournals.com/index.php/irmm/issue/view/72